|
|
|
|
| LEADER |
00739nam a2200205 a 4500 |
| 001 |
013349731 |
| 008 |
091108s2003 ii 000 1 eng d |
| 010 |
|
|
|a 77023232
|
| 020 |
|
|
|a 0870714465
|
| 040 |
|
|
|a Uk
|b eng
|d UK
|
| 082 |
0 |
0 |
|a 823
|2 20
|
| 100 |
1 |
|
|a Chawla, Nishi.
|
| 245 |
0 |
4 |
|a A human silicon chip /
|c Nishi Chawla.
|
| 260 |
|
|
|a New Delhi :
|b Har-Anand,
|c 2003.
|
| 300 |
|
|
|a 150 p. ;
|c 23 cm.
|
| 541 |
1 |
|
|e 00019521
|
| 650 |
|
0 |
|a Fiction
|
| 852 |
4 |
|
|a Ayesha Abed Library
|j General Shelf
|
| 999 |
|
|
|c 5548
|d 5548
|
| 952 |
|
|
|0 0
|1 0
|2 ddc
|4 0
|6 823_000000000000000_CHA
|7 0
|9 5440
|a BRACUL
|b BRACUL
|c GEN
|d 2009-11-09
|e Radha Cakraborti
|l 1
|o 823 CHA
|p 3010019521
|r 2014-05-14
|s 2013-02-18
|w 2009-11-16
|y BK
|x Transferred from ENH to Ayesha Abed library on 20/12/2023
|